000 005160000a22001690004500
003 MACL
005 20191108124347.0
008 191108b xxu||||| |||| 00| 0 eng d
040 _cmacl
082 _a741.642
100 _aमदारिया ,मनमोहन
_977059
245 _aसफलता के शिखर
260 _bउज्‍जैन
_aमान‍कचन्‍द बुकडिपाे
350 _a3
650 _aबालकक्ष …
_970490
942 _cHIN
_k741.642
_2ddc
999 _c25254
_d25254